[Event "FRA-chT3 North 0304"]
[Site "France"]
[Date "2004.03.14"]
[Round "7.6"]
[White "Prudhomme, Franck"]
[Black "Haezebaert, Philippe"]
[Result "1-0"]
[WhiteElo "2113"]
[BlackElo "2005"]
[PlyCount "61"]
[EventDate "2003.11.??"]
[EventType "team"]
[EventRounds "9"]
[EventCountry "FRA"]
[SourceTitle "EXT 2006"]
[Source "ChessBase"]
[SourceDate "2005.11.24"]
[SourceVersion "1"]
[SourceVersionDate "2005.11.24"]
[SourceQuality "1"]
[WhiteTeam "Le Touquet"]
[BlackTeam "Cappelle la Grande"]
[WhiteTeamCountry "FRA"]
[BlackTeamCountry "FRA"]

1. e4 c5 2. Nc3 e6 3. f4 a6 4. Nf3 Nc6 5. g3 g6 6. d4 cxd4 7. Nxd4 d6 8. Be3 Bg7 9. Bg2 Nge7 10. 0-0 0-0 11. Nb3 Qc7 12. a4 b6 13. Qd2 Bb7 14. Qf2 Nc8 15. g4 N6e7 16. f5 gxf5 17. gxf5 exf5 18. exf5 Be5 19. Bh6 f6 20. Bxf8 Kxf8 21. Rad1 Ng8 22. Bxb7 Qxb7 23. Nd5 Qg7+ 24. Kh1 Qh6 25. Nd4 Nce7 26. Rg1 Kf7 27. Nf3 Bxb2 28. Qxb6 Ba3 29. Qb3 Bc5 30. Nxe7+ Kxe7 31. Qe6+ 1-0

[Event "FRA-chT3 North 0304"]
[Site "France"]
[Date "2004.02.01"]
[Round "6.3"]
[White "Roussel, Cyril"]
[Black "Haezebaert, Philippe"]
[Result "0-1"]
[WhiteElo "1970"]
[BlackElo "2005"]
[PlyCount "76"]
[EventDate "2003.11.??"]
[EventType "team"]
[EventRounds "9"]
[EventCountry "FRA"]
[SourceTitle "EXT 2006"]
[Source "ChessBase"]
[SourceDate "2005.11.24"]
[SourceVersion "1"]
[SourceVersionDate "2005.11.24"]
[SourceQuality "1"]
[WhiteTeam "Boulogne sur Mer"]
[BlackTeam "Cappelle la Grande"]
[WhiteTeamCountry "FRA"]
[BlackTeamCountry "FRA"]

1. e4 c5 2. Nf3 e6 3. d4 cxd4 4. Nxd4 a6 5. Nc3 Qc7 6. Bd3 Nf6 7. 0-0 g6 8. Bg5 Bg7 9. Qd2 0-0 10. Kh1 Ng4 11. Nf3 Nc6 12. h3 Nge5 13. Nxe5 Nxe5 14. f4 Nc4 15. Bxc4 Qxc4 16. e5 f6 17. exf6 Bxf6 18. Bxf6 Rxf6 19. b3 Qc7 20. Rad1 d5 21. Ne2 Bd7 22. c4 Bc6 23. cxd5 Bxd5 24. Qc3 Qf7 25. Kg1 Rf8 26. Qe3 b5 27. g3 Ba8 28. Nd4 Qb7 29. Qf3 Qxf3 30. Nxf3 Bxf3 31. Rxf3 e5 32. Rdf1 exf4 33. Rxf4 Rxf4 34. Rxf4 Rxf4 35. gxf4 Kf7 36. Kf2 Kf6 37. Kf3 Kf5 38. h4 b4 0-1

[Event "FRA-chT3 North 0304"]
[Site "France"]
[Date "2003.12.07"]
[Round "4.6"]
[White "Haezebaert, Philippe"]
[Black "De Noose, Daniel"]
[Result "1-0"]
[WhiteElo "2005"]
[BlackElo "2008"]
[PlyCount "99"]
[EventDate "2003.11.??"]
[EventType "team"]
[EventRounds "9"]
[EventCountry "FRA"]
[SourceTitle "EXT 2006"]
[Source "ChessBase"]
[SourceDate "2005.11.24"]
[SourceVersion "1"]
[SourceVersionDate "2005.11.24"]
[SourceQuality "1"]
[WhiteTeam "Cappelle la Grande"]
[BlackTeam "Aulnoye"]
[WhiteTeamCountry "FRA"]
[BlackTeamCountry "FRA"]

1. e4 e5 2. Nc3 Nc6 3. Nf3 Nf6 4. d4 exd4 5. Nd5 d6 6. Nxd4 Bd7 7. Bc4 Ne5 8. Bb3 Be7 9. 0-0 0-0 10. Nxe7+ Qxe7 11. Bg5 h6 12. Bxf6 Qxf6 13. Qd2 Qg6 14. f4 Nc6 15. Rae1 Qh5 16. c3 Rae8 17. Bd1 Qc5 18. b4 Qb6 19. Kh1 f5 20. Bh5 Rxe4 21. Ne2 a5 22. a3 Ra8 23. Ng3 Rxe1 24. Rxe1 axb4 25. Qd5+ Kh8 26. Qf7 Qf2 27. Rf1 Qb2 28. Qxd7 bxc3 29. Nxf5 c2 30. Nxh6 gxh6 31. Bg6 Qg7 32. Qxg7+ Kxg7 33. Bxc2 Rxa3 34. g4 Rc3 35. Be4 Kf6 36. h4 Rh3+ 37. Kg2 Re3 38. g5+ Kg7 39. Bb1 Nd4 40. f5 hxg5 41. f6+ Kf8 42. hxg5 Re5 43. g6 Ne6 44. Rh1 Rh5 45. g7+ Kf7 46. Bg6+ Kxf6 47. g8Q Rg5+ 48. Kh2 Nf4 49. Qf7+ Ke5 50. Re1+ 1-0

[Event "FRA-chT3 North 0304"]
[Site "France"]
[Date "2003.11.16"]
[Round "3.3"]
[White "Haezebaert, Philippe"]
[Black "Marquet, Mathieu"]
[Result "1/2-1/2"]
[WhiteElo "2005"]
[BlackElo "2060"]
[PlyCount "40"]
[EventDate "2003.11.??"]
[EventType "team"]
[EventRounds "9"]
[EventCountry "FRA"]
[SourceTitle "EXT 2006"]
[Source "ChessBase"]
[SourceDate "2005.11.24"]
[SourceVersion "1"]
[SourceVersionDate "2005.11.24"]
[SourceQuality "1"]
[WhiteTeam "Cappelle la Grande"]
[BlackTeam "Noyon II"]
[WhiteTeamCountry "FRA"]
[BlackTeamCountry "FRA"]

1. e4 c6 2. d4 d5 3. exd5 cxd5 4. Bd3 Nf6 5. Bf4 Bg4 6. f3 Bh5 7. Ne2 e6 8. c3 Be7 9. Qb3 b6 10. Na3 0-0 11. 0-0 Bg6 12. c4 Nc6 13. Bxg6 hxg6 14. Qb5 Rc8 15. Rac1 Nb4 16. c5 bxc5 17. dxc5 a5 18. Rfd1 Nxa2 19. Rc2 Nb4 20. Rcc1 Na2 1/2-1/2

[Event "FRA-chT3 Gr8 0203"]
[Site "France"]
[Date "2002.11.17"]
[Round "3"]
[White "Haezebaert, Philippe"]
[Black "Bosch, Joachim"]
[Result "1-0"]
[WhiteElo "2005"]
[BlackElo "1840"]
[PlyCount "77"]
[EventDate "2002.10.??"]
[EventType "team"]
[EventRounds "9"]
[EventCountry "FRA"]
[SourceTitle "EXT 2005"]
[Source "ChessBase"]
[SourceDate "2004.11.15"]
[SourceVersion "1"]
[SourceVersionDate "2004.11.15"]
[SourceQuality "1"]

1. e4 c5 2. Nf3 e6 3. Nc3 Nc6 4. Bb5 Qc7 5. 0-0 Be7 6. Re1 d6 7. d4 cxd4 8. Qxd4 Bf6 9. e5 dxe5 10. Nxe5 Nge7 11. Bf4 0-0 12. Qc5 Qb6 13. Qxb6 axb6 14. Rad1 Nxe5 15. Bxe5 Bxe5 16. Rxe5 Nc6 17. Re2 e5 18. Bxc6 bxc6 19. Rd6 Bb7 20. Rd7 Rab8 21. Rxe5 Ba8 22. f3 g6 23. Ne4 Rbc8 24. Ree7 Rcd8 25. Nd6 Rxd7 26. Rxd7 Kg7 27. Ra7 Kg8 28. Nxf7 Rxf7 29. Rxa8+ Kg7 30. a4 Kf6 31. Rc8 Ke5 32. Rxc6 Rb7 33. Kf2 Kd5 34. Rc3 Ke6 35. Rb3 Kd6 36. a5 b5 37. Ke3 b4 38. c3 Rb5 39. cxb4 1-0

[Event "FRA-chT3 Gr8 0203"]
[Site "France"]
[Date "2002.11.16"]
[Round "2"]
[White "Haezebaert, Philippe"]
[Black "Henne, Jean Louis"]
[Result "1-0"]
[WhiteElo "2030"]
[BlackElo "1750"]
[PlyCount "61"]
[EventDate "2002.10.??"]
[EventType "team"]
[EventRounds "9"]
[EventCountry "FRA"]
[SourceTitle "EXT 2005"]
[Source "ChessBase"]
[SourceDate "2004.11.15"]
[SourceVersion "1"]
[SourceVersionDate "2004.11.15"]
[SourceQuality "1"]

1. e4 d6 2. d4 Nf6 3. Nc3 c6 4. h3 Nbd7 5. Be3 e5 6. Nge2 Be7 7. g4 Qa5 8. Bg2 Nb6 9. 0-0 Nc4 10. Bc1 b5 11. a3 b4 12. Nb1 Rb8 13. b3 Nb6 14. Bb2 Nbd7 15. axb4 Qb6 16. Nd2 Ba6 17. c4 Bb7 18. Re1 a6 19. Nf1 Qxb4 20. Ne3 Bc8 21. Nc1 0-0 22. Nf5 Re8 23. Ba3 Qc3 24. Ne2 Qxb3 25. Nxe7+ Rxe7 26. Bxd6 Re8 27. Bxb8 Qxb8 28. Ng3 Kf8 29. Qd2 exd4 30. Nf5 c5 31. Qg5 1-0

[Event "Nord Pas de Calais-ch98 corr"]
[Site "France"]
[Date "2000.??.??"]
[Round "?"]
[White "Dacquin, Serge"]
[Black "Haezebaert, Philippe"]
[Result "1-0"]
[WhiteElo "2192"]
[BlackElo "2154"]
[PlyCount "77"]
[EventDate "2000.02.15"]
[EventType "tourn (corr)"]
[EventRounds "8"]
[EventCountry "FRA"]
[SourceTitle "Corr 2004"]
[Source "ChessBase"]
[SourceDate "2003.04.28"]
[SourceVersion "3"]
[SourceVersionDate "2003.04.28"]
[SourceQuality "1"]

1. d4 Nf6 2. c4 e6 3. Nf3 b6 4. a3 c5 5. d5 Ba6 6. Qc2 exd5 7. cxd5 Bb7 8. Nc3 Nxd5 9. Bg5 f6 10. Nxd5 Bxd5 11. Bf4 Qe7 12. 0-0-0 Qe4 13. Rxd5 Qxd5 14. e3 Qe6 15. Bd3 Nc6 16. Bf5 Qe7 17. Rd1 0-0-0 18. Qd3 Kb7 19. Bxd7 Rxd7 20. Qxd7+ Qxd7 21. Rxd7+ Ka6 22. Kc2 Na5 23. e4 Nc6 24. h4 h5 25. e5 b5 26. e6 Be7 27. Kd3 Re8 28. Bd6 Bxd6 29. Rxd6 Kb7 30. Ke4 Ne7 31. b4 Nc8 32. Rd7+ Kb6 33. bxc5+ Kxc5 34. Nd4 Nd6+ 35. Kd3 Nc4 36. Rxg7 Nb2+ 37. Ke4 f5+ 38. Kxf5 Kxd4 39. Rd7+ 1-0

[Event "Nord Pas de Calais-ch98 corr"]
[Site "France"]
[Date "2000.??.??"]
[Round "?"]
[White "Haezebaert, Philippe"]
[Black "Coclet, Olivier"]
[Result "1/2-1/2"]
[WhiteElo "2154"]
[BlackElo "2270"]
[PlyCount "102"]
[EventDate "2000.02.15"]
[EventType "tourn (corr)"]
[EventRounds "8"]
[EventCountry "FRA"]
[SourceTitle "Corr 2004"]
[Source "ChessBase"]
[SourceDate "2003.04.28"]
[SourceVersion "3"]
[SourceVersionDate "2003.04.28"]
[SourceQuality "1"]

1. e4 e6 2. d4 d5 3. Nc3 Bb4 4. e5 c5 5. a3 Bxc3+ 6. bxc3 Qc7 7. Qg4 f5 8. Qg3 cxd4 9. cxd4 Ne7 10. Bd2 0-0 11. Bd3 b6 12. Ne2 Ba6 13. Nf4 Qd7 14. Bxa6 Nxa6 15. Nh5 Ng6 16. h4 Rac8 17. c3 Rc7 18. Nf6+ gxf6 19. h5 Qg7 20. hxg6 Qxg6 21. Qxg6+ hxg6 22. exf6 Rxf6 23. Bf4 Rh7 24. Rxh7 Kxh7 25. Ke2 Kg8 26. Rh1 Rf7 27. Kd3 Rh7 28. Rxh7 Kxh7 29. Kc2 g5 30. Be5 f4 31. Kb3 Kg6 32. g4 fxg3 33. Bxg3 e5 34. Bxe5 Kf5 35. Ka4 Nc5+ 36. dxc5 Kxe5 37. cxb6 axb6 38. Kb5 Ke4 39. Kxb6 Kf3 40. a4 g4 41. a5 Kxf2 42. a6 g3 43. a7 g2 44. a8Q g1Q 45. Qxd5 Ke2+ 46. Qc5 Qg6+ 47. Ka5 Qg7 48. c4 Qa1+ 49. Kb5 Qb1+ 50. Qb4 Qd3 51. Qe7+ Kd1 1/2-1/2

[Event "Nord Pas de Calais-ch98 corr"]
[Site "France"]
[Date "2000.??.??"]
[Round "?"]
[White "Hareux, Hubert"]
[Black "Haezebaert, Philippe"]
[Result "1/2-1/2"]
[WhiteElo "2210"]
[BlackElo "2154"]
[PlyCount "56"]
[EventDate "2000.02.15"]
[EventType "tourn (corr)"]
[EventRounds "8"]
[EventCountry "FRA"]
[SourceTitle "Corr 2004"]
[Source "ChessBase"]
[SourceDate "2003.04.28"]
[SourceVersion "3"]
[SourceVersionDate "2003.04.28"]
[SourceQuality "1"]

1. d4 Nf6 2. c4 e6 3. Nc3 Bb4 4. Qc2 d5 5. cxd5 Qxd5 6. Nf3 Qf5 7. Qxf5 exf5 8. a3 Bd6 9. Nb5 Nd5 10. Nxd6+ cxd6 11. e3 Be6 12. Bd3 Nc6 13. 0-0 Na5 14. Nd2 Nb6 15. b4 Nac4 16. Re1 0-0 17. Nf1 d5 18. Bd2 Rfc8 19. Rec1 Bd7 20. Be1 Nd6 21. Ng3 g6 22. Rc5 Ne4 23. Nxe4 fxe4 24. Be2 Be6 25. Rac1 Nc4 26. Bxc4 dxc4 27. f3 Rxc5 28. bxc5 f5 1/2-1/2